[Event "45th FIDE Chess Olympiad Open"]
[Site "Budapest, Hungary"]
[Date "2024.09.22"]
[Round "11"]
[White "Mohamed, Hassan"]
[Black "Cupid, Kevin"]
[Result "0-1"]
[Board "246"]
[WhiteFideId "16700058"]
[BlackFideId "7700512"]
[WhiteTitle "CM"]
[BlackTitle "FM"]
[WhiteElo "1880"]
[BlackElo "2201"]
[WhiteTeam "Maldives"]
[BlackTeam "Trinidad & Tobago"]
[WhiteClock "0:20:03"]
[BlackClock "0:22:48"]
[Variant "Standard"]

1. Nf3 {[%clk 1:30:54]}  Nf6 {[%clk 1:30:43]} 2. g3 {[%clk 1:31:17]}  d5 {[%clk 1:30:42]} 3. Bg2 {[%clk 1:31:38]}  Bg4 {[%clk 1:29:43]} 4. Ne5 {[%clk 1:31:49]}  Bf5 {[%clk 1:29:48]} 5. c4 {[%clk 1:30:43]}  c6 {[%clk 1:30:13]} 6. b3 {[%clk 1:30:45]}  Nbd7 {[%clk 1:30:18]} 7. Nxd7 {[%clk 1:30:42]}  Qxd7 {[%clk 1:30:42]} 8. h3 {[%clk 1:29:19]}  dxc4 {[%clk 1:26:46]} 9. bxc4 {[%clk 1:29:35]}  Qd4 {[%clk 1:27:15]} 10. Nc3 {[%clk 1:27:41]}  Qxc4 {[%clk 1:26:27]} 11. O-O {[%clk 1:27:14]}  e5 {[%clk 1:25:08]} 12. Bb2 {[%clk 1:18:56]}  Bd6 {[%clk 1:23:05]} 13. Rc1 {[%clk 1:17:08]}  Qb4 {[%clk 1:23:09]} 14. Ba1 {[%clk 1:15:10]}  Qa3 {[%clk 1:15:03]} 15. d3 {[%clk 1:14:27]}  O-O {[%clk 1:14:39]} 16. Qc2 {[%clk 1:12:42]}  Be6 {[%clk 1:13:25]} 17. Bb2 {[%clk 1:12:07]}  Qa5 {[%clk 1:07:19]} 18. a4 {[%clk 1:12:04]}  Rac8 {[%clk 1:06:59]} 19. Ra1 {[%clk 1:12:05]}  h6 {[%clk 1:05:18]} 20. Rfb1 {[%clk 1:11:57]}  Qc7 {[%clk 1:02:59]} 21. Bc1 {[%clk 1:10:57]}  b6 {[%clk 1:02:45]} 22. Bd2 {[%clk 1:09:51]}  Nd7 {[%clk 0:59:03]} 23. Qc1 {[%clk 1:01:23]}  Kh7 {[%clk 0:58:24]} 24. Kh2 {[%clk 0:59:59]}  f5 {[%clk 0:58:29]} 25. f3 {[%clk 0:55:35]}  Nc5 {[%clk 0:57:08]} 26. Qc2 {[%clk 0:55:05]}  e4 {[%clk 0:57:23]} 27. f4 {[%clk 0:54:11]}  exd3 {[%clk 0:57:20]} 28. exd3 {[%clk 0:54:08]}  Qf7 {[%clk 0:57:17]} 29. Re1 {[%clk 0:53:28]}  Nb3 {[%clk 0:53:31]} 30. Rad1 {[%clk 0:48:09]}  Nxd2 {[%clk 0:45:18]} 31. Qxd2 {[%clk 0:46:41]}  Bb4 {[%clk 0:45:36]} 32. Qb2 {[%clk 0:46:03]}  Bxc3 {[%clk 0:42:29]} 33. Qxc3 {[%clk 0:46:23]}  Bb3 {[%clk 0:42:33]} 34. Ra1 {[%clk 0:46:20]}  Bd5 {[%clk 0:42:56]} 35. Re5 {[%clk 0:45:58]}  Rfd8 {[%clk 0:42:28]} 36. Rae1 {[%clk 0:45:10]}  Rc7 {[%clk 0:42:53]} 37. h4 {[%clk 0:43:44]}  Bxg2 {[%clk 0:43:07]} 38. Kxg2 {[%clk 0:43:57]}  c5 {[%clk 0:43:17]} 39. Re6 {[%clk 0:43:22]}  Qd7 {[%clk 0:41:01]} 40. Re7 {[%clk 0:30:36]}  Qxe7 {[%clk 0:41:18]} 41. Rxe7 {[%clk 0:30:48]}  Rxe7 {[%clk 0:41:40]} 42. h5 {[%clk 0:30:54]}  Rd5 {[%clk 0:33:26]} 43. a5 {[%clk 0:25:49]}  Red7 {[%clk 0:27:39]} 44. axb6 {[%clk 0:25:10]}  axb6 {[%clk 0:28:08]} 45. Qc4 {[%clk 0:22:45]}  R7d6 {[%clk 0:27:09]} 46. Kf2 {[%clk 0:22:30]}  Rxd3 {[%clk 0:23:17]} 47. g4 {[%clk 0:21:05]}  R3d4 {[%clk 0:22:31]} 48. Qf7 {[%clk 0:20:03]}  Rf6 {[%clk 0:22:48]} 0-1

[Event "45th FIDE Chess Olympiad Open"]
[Site "Budapest, Hungary"]
[Date "2024.09.22"]
[Round "11"]
[White "Harper, Ryan"]
[Black "Hussain , Nimal"]
[Result "1-0"]
[Board "247"]
[WhiteFideId "7700156"]
[BlackFideId "16700309"]
[WhiteTitle "FM"]
[WhiteElo "2124"]
[BlackElo "1805"]
[WhiteTeam "Trinidad & Tobago"]
[BlackTeam "Maldives"]
[WhiteClock "0:52:21"]
[BlackClock "0:03:14"]
[Variant "Standard"]

1. e4 {[%clk 1:30:59]}  e5 {[%clk 1:30:44]} 2. Nf3 {[%clk 1:31:25]}  Nf6 {[%clk 1:31:04]} 3. Nxe5 {[%clk 1:29:46]}  d6 {[%clk 1:31:17]} 4. Nf3 {[%clk 1:30:12]}  Nxe4 {[%clk 1:31:39]} 5. Nc3 {[%clk 1:30:37]}  Bf5 {[%clk 1:29:39]} 6. Qe2 {[%clk 1:30:36]}  Qe7 {[%clk 1:29:47]} 7. Nd5 {[%clk 1:31:01]}  Qd7 {[%clk 1:08:15]} 8. d3 {[%clk 1:29:15]}  c6 {[%clk 1:06:33]} 9. dxe4 {[%clk 1:28:22]}  Bg6 {[%clk 1:06:01]} 10. Nc3 {[%clk 1:27:10]}  Be7 {[%clk 1:06:07]} 11. Bg5 {[%clk 1:27:07]}  f6 {[%clk 1:06:16]} 12. Bf4 {[%clk 1:27:28]}  O-O {[%clk 1:05:45]} 13. O-O-O {[%clk 1:27:43]}  b5 {[%clk 1:05:48]} 14. Qd3 {[%clk 1:22:30]}  Qg4 {[%clk 0:51:56]} 15. Bg3 {[%clk 1:22:14]}  Rd8 {[%clk 0:51:20]} 16. h3 {[%clk 1:15:23]}  Qc8 {[%clk 0:47:28]} 17. Nh4 {[%clk 1:14:11]}  Na6 {[%clk 0:39:42]} 18. Nxg6 {[%clk 1:14:19]}  hxg6 {[%clk 0:40:03]} 19. e5 {[%clk 1:12:29]}  dxe5 {[%clk 0:38:32]} 20. Qxg6 {[%clk 1:12:55]}  Qe6 {[%clk 0:34:39]} 21. Bd3 {[%clk 1:06:55]}  Nc5 {[%clk 0:20:51]} 22. Qh7+ {[%clk 1:05:11]}  Kf8 {[%clk 0:20:48]} 23. Bf5 {[%clk 1:03:52]}  Qf7 {[%clk 0:20:21]} 24. Kb1 {[%clk 0:58:09]}  a5 {[%clk 0:18:38]} 25. f4 {[%clk 0:57:47]}  exf4 {[%clk 0:18:38]} 26. Bxf4 {[%clk 0:57:47]}  a4 {[%clk 0:12:47]} 27. Bg6 {[%clk 0:57:50]}  Qg8 {[%clk 0:12:59]} 28. Qxg8+ {[%clk 0:58:03]}  Kxg8 {[%clk 0:13:15]} 29. Rde1 {[%clk 0:57:55]}  Kf8 {[%clk 0:13:10]} 30. a3 {[%clk 0:57:45]}  Nd7 {[%clk 0:11:44]} 31. Re6 {[%clk 0:57:19]}  Rac8 {[%clk 0:10:48]} 32. Rhe1 {[%clk 0:57:43]}  Bc5 {[%clk 0:10:31]} 33. Bc7 {[%clk 0:55:20]}  Ne5 {[%clk 0:08:32]} 34. Bxe5 {[%clk 0:55:42]}  fxe5 {[%clk 0:08:37]} 35. Ne4 {[%clk 0:52:34]}  Bb6 {[%clk 0:06:58]} 36. Rf1+ {[%clk 0:52:33]}  Kg8 {[%clk 0:07:19]} 37. Bf7+ {[%clk 0:52:50]}  Kh8 {[%clk 0:07:36]} 38. Rf5 {[%clk 0:52:19]}  Be3 {[%clk 0:06:38]} 39. Rfxe5 {[%clk 0:51:52]}  Rc7 {[%clk 0:04:51]} 40. Bg6 {[%clk 0:51:20]}  Rcc8 {[%clk 0:03:23]} 41. Nd6 {[%clk 0:51:39]}  Bf4 {[%clk 0:02:58]} 42. Nf7+ {[%clk 0:51:33]}  Kg8 {[%clk 0:02:59]} 43. Nxd8 {[%clk 0:51:58]}  Bxe5 {[%clk 0:03:14]} 44. Re8# {[%clk 0:52:21]} 1-0

[Event "45th FIDE Chess Olympiad Open"]
[Site "Budapest, Hungary"]
[Date "2024.09.22"]
[Round "11"]
[White "Abdul Rahman, Ali"]
[Black "Mc Intosh, Isaiah"]
[Result "0-1"]
[Board "248"]
[WhiteFideId "16700066"]
[BlackFideId "7703791"]
[WhiteTitle "CM"]
[BlackTitle "FM"]
[WhiteElo "1844"]
[BlackElo "2249"]
[WhiteTeam "Maldives"]
[BlackTeam "Trinidad & Tobago"]
[WhiteClock "0:31:44"]
[BlackClock "0:51:19"]
[Variant "Standard"]

1. d4 {[%clk 1:30:50]}  d5 {[%clk 1:30:56]} 2. e3 {[%clk 1:30:59]}  Nf6 {[%clk 1:31:22]} 3. Bd3 {[%clk 1:30:53]}  c5 {[%clk 1:31:47]} 4. c3 {[%clk 1:30:42]}  Nc6 {[%clk 1:32:10]} 5. f4 {[%clk 1:30:27]}  Bg4 {[%clk 1:32:34]} 6. Nf3 {[%clk 1:30:39]}  e6 {[%clk 1:32:58]} 7. O-O {[%clk 1:30:32]}  Bd6 {[%clk 1:33:20]} 8. Qe1 {[%clk 1:30:38]}  Bf5 {[%clk 1:33:38]} 9. Qe2 {[%clk 1:29:38]}  O-O {[%clk 1:33:45]} 10. Ne5 {[%clk 1:29:23]}  Rc8 {[%clk 1:33:34]} 11. Nd2 {[%clk 1:29:36]}  c4 {[%clk 1:32:34]} 12. Bb1 {[%clk 1:29:40]}  Bxb1 {[%clk 1:31:50]} 13. Rxb1 {[%clk 1:29:56]}  b5 {[%clk 1:32:15]} 14. e4 {[%clk 1:29:14]}  dxe4 {[%clk 1:31:59]} 15. Nxe4 {[%clk 1:29:27]}  Nd5 {[%clk 1:32:22]} 16. a3 {[%clk 1:29:07]}  Nce7 {[%clk 1:31:21]} 17. Bd2 {[%clk 1:28:59]}  Bb8 {[%clk 1:28:15]} 18. Rbd1 {[%clk 1:26:43]}  f6 {[%clk 1:26:00]} 19. Nf3 {[%clk 1:26:49]}  Bxf4 {[%clk 1:26:18]} 20. Nc5 {[%clk 1:25:58]}  Bxd2 {[%clk 1:26:41]} 21. Nxd2 {[%clk 1:25:31]}  Qd6 {[%clk 1:19:43]} 22. Nxe6 {[%clk 1:18:43]}  Rfe8 {[%clk 1:19:35]} 23. Rde1 {[%clk 1:18:54]}  Ng6 {[%clk 1:17:20]} 24. Qg4 {[%clk 1:17:47]}  Qd7 {[%clk 1:11:25]} 25. h3 {[%clk 1:13:27]}  Re7 {[%clk 1:08:19]} 26. Nc5 {[%clk 1:12:16]}  Qxg4 {[%clk 1:08:41]} 27. hxg4 {[%clk 1:11:56]}  Ne3 {[%clk 1:08:34]} 28. Rf3 {[%clk 1:11:15]}  Rce8 {[%clk 1:08:49]} 29. Nb7 {[%clk 1:03:36]}  Nh4 {[%clk 1:08:24]} 30. Rg3 {[%clk 1:02:01]}  Nexg2 {[%clk 1:07:48]} 31. Rxe7 {[%clk 0:59:00]}  Rxe7 {[%clk 1:08:11]} 32. Nd6 {[%clk 0:58:14]}  a6 {[%clk 0:58:00]} 33. N6e4 {[%clk 0:54:49]}  Nf4 {[%clk 0:58:01]} 34. Re3 {[%clk 0:52:11]}  Kf8 {[%clk 0:57:48]} 35. Kf1 {[%clk 0:46:09]}  h5 {[%clk 0:54:44]} 36. Rg3 {[%clk 0:44:58]}  Nd3 {[%clk 0:55:06]} 37. Rh3 {[%clk 0:43:38]}  g5 {[%clk 0:55:15]} 38. Kg1 {[%clk 0:41:55]}  hxg4 {[%clk 0:55:04]} 39. Rg3 {[%clk 0:42:15]}  f5 {[%clk 0:54:39]} 40. Nxg5 {[%clk 0:41:26]}  Nf4 {[%clk 0:54:47]} 41. Kf1 {[%clk 0:37:17]}  Ne2 {[%clk 0:52:09]} 42. Kf2 {[%clk 0:36:29]}  Nxg3 {[%clk 0:51:22]} 43. Kxg3 {[%clk 0:36:30]}  Re2 {[%clk 0:51:18]} 44. Nf1 {[%clk 0:35:32]}  Ng6 {[%clk 0:51:31]} 45. d5 {[%clk 0:33:48]}  Ke7 {[%clk 0:49:30]} 46. Ne6 {[%clk 0:33:58]}  Kf6 {[%clk 0:49:48]} 47. Nd4 {[%clk 0:34:23]}  Re5 {[%clk 0:49:10]} 48. d6 {[%clk 0:32:51]}  Rd5 {[%clk 0:49:34]} 49. Ne3 {[%clk 0:33:16]}  f4+ {[%clk 0:49:58]} 50. Kxg4 {[%clk 0:33:14]}  fxe3 {[%clk 0:49:37]} 51. Kf3 {[%clk 0:32:23]}  Ne5+ {[%clk 0:49:54]} 52. Kxe3 {[%clk 0:32:11]}  Rxd6 {[%clk 0:50:19]} 53. Ke4 {[%clk 0:31:41]}  Nd3 {[%clk 0:50:34]} 54. b3 {[%clk 0:31:32]}  Nc5+ {[%clk 0:50:54]} 55. Ke3 {[%clk 0:31:44]}  Nxb3 {[%clk 0:51:19]} 0-1

[Event "45th FIDE Chess Olympiad Open"]
[Site "Budapest, Hungary"]
[Date "2024.09.22"]
[Round "11"]
[White "Giasi, Viresh"]
[Black "Ahmad, Al Khatib"]
[Result "1/2-1/2"]
[Board "249"]
[WhiteFideId "8200165"]
[BlackFideId "8103178"]
[WhiteTitle "FM"]
[BlackTitle "GM"]
[WhiteElo "1998"]
[BlackElo "2302"]
[WhiteTeam "Suriname"]
[BlackTeam "Jordan"]
[WhiteClock "0:29:18"]
[BlackClock "0:00:37"]
[Variant "Standard"]

1. d4 {[%clk 1:30:38]}  Nf6 {[%clk 1:30:57]} 2. Nf3 {[%clk 1:30:57]}  e6 {[%clk 1:31:21]} 3. e3 {[%clk 1:31:17]}  b6 {[%clk 1:30:00]} 4. Bd3 {[%clk 1:31:06]}  Bb7 {[%clk 1:30:24]} 5. b3 {[%clk 1:31:27]}  g6 {[%clk 1:30:34]} 6. Bb2 {[%clk 1:31:52]}  Bg7 {[%clk 1:30:59]} 7. Nbd2 {[%clk 1:31:57]}  c5 {[%clk 1:19:11]} 8. Qe2 {[%clk 1:29:58]}  O-O {[%clk 1:16:38]} 9. O-O {[%clk 1:27:57]}  cxd4 {[%clk 1:03:12]} 10. exd4 {[%clk 1:22:18]}  Nc6 {[%clk 1:01:31]} 11. a3 {[%clk 1:22:35]}  Rc8 {[%clk 1:00:09]} 12. Rfd1 {[%clk 1:11:05]}  Re8 {[%clk 0:51:53]} 13. Ne4 {[%clk 1:01:52]}  Nxe4 {[%clk 0:45:32]} 14. Bxe4 {[%clk 1:01:29]}  Qc7 {[%clk 0:32:37]} 15. Bxc6 {[%clk 0:42:45]}  Qxc6 {[%clk 0:29:40]} 16. Rac1 {[%clk 0:42:47]}  Qe4 {[%clk 0:23:29]} 17. Qxe4 {[%clk 0:31:32]}  Bxe4 {[%clk 0:21:36]} 18. c4 {[%clk 0:29:55]}  Bxf3 {[%clk 0:20:08]} 19. gxf3 {[%clk 0:30:16]}  d5 {[%clk 0:19:26]} 20. Kf1 {[%clk 0:28:12]}  Bf6 {[%clk 0:10:48]} 21. f4 {[%clk 0:20:20]}  Kf8 {[%clk 0:05:33]} 22. Ke2 {[%clk 0:19:12]}  Ke7 {[%clk 0:05:54]} 23. Kd3 {[%clk 0:17:06]}  Kd7 {[%clk 0:05:56]} 24. Bc3 {[%clk 0:15:12]}  g5 {[%clk 0:00:48]} 25. Bd2 {[%clk 0:12:53]}  gxf4 {[%clk 0:00:55]} 26. Bxf4 {[%clk 0:13:21]}  Be7 {[%clk 0:01:01]} 27. Rg1 {[%clk 0:12:53]}  dxc4+ {[%clk 0:00:42]} 28. bxc4 {[%clk 0:11:00]}  Rg8 {[%clk 0:00:52]} 29. a4 {[%clk 0:08:24]}  Rg6 {[%clk 0:00:51]} 30. a5 {[%clk 0:06:26]}  bxa5 {[%clk 0:00:44]} 31. c5 {[%clk 0:06:37]}  Kc6 {[%clk 0:00:48]} 32. Kc4 {[%clk 0:07:05]}  Rcg8 {[%clk 0:00:35]} 33. Rg3 {[%clk 0:07:25]}  Bf6 {[%clk 0:00:31]} 34. Ra1 {[%clk 0:07:41]}  Bd8 {[%clk 0:00:36]} 35. Raa3 {[%clk 0:07:28]}  Rg4 {[%clk 0:00:38]} 36. Bd6 {[%clk 0:06:32]}  Bf6 {[%clk 0:00:43]} 37. Rgd3 {[%clk 0:06:14]}  Bd8 {[%clk 0:00:32]} 38. Rf3 {[%clk 0:06:00]}  f5 {[%clk 0:00:37]} 39. Be5 {[%clk 0:05:51]}  Rg1 {[%clk 0:00:45]} 40. Rh3 {[%clk 0:05:14]}  Rc1+ {[%clk 0:00:37]} 41. Rac3 {[%clk 0:05:41]}  Rb1 {[%clk 0:09:40]} 42. Rxh7 {[%clk 0:33:00]}  Rg2 {[%clk 0:08:41]} 43. Rc2 {[%clk 0:32:08]}  Rb4+ {[%clk 0:02:29]} 44. Kc3 {[%clk 0:32:32]}  Rg1 {[%clk 0:02:29]} 45. Rxa7 {[%clk 0:31:54]}  Rd1 {[%clk 0:02:15]} 46. Ra6+ {[%clk 0:29:30]}  Kb5 {[%clk 0:01:48]} 47. Ra8 {[%clk 0:28:31]}  Rc4+ {[%clk 0:01:23]} 48. Kb2 {[%clk 0:28:57]}  Rb4+ {[%clk 0:01:39]} 49. Kc3 {[%clk 0:29:09]}  Rc4+ {[%clk 0:01:14]} 50. Kb2 {[%clk 0:29:34]}  Rb4+ {[%clk 0:00:42]} 51. Kc3 {[%clk 0:28:58]}  Rc4+ {[%clk 0:00:39]} 52. Kb2 {[%clk 0:29:18]}  Rb4+ {[%clk 0:00:37]} 1/2-1/2

[Event "45th FIDE Chess Olympiad Open"]
[Site "Budapest, Hungary"]
[Date "2024.09.22"]
[Round "11"]
[White "Loay, Sameer"]
[Black "Yeung, Jason"]
[Result "1/2-1/2"]
[Board "250"]
[WhiteFideId "8104239"]
[BlackFideId "8203970"]
[WhiteTitle "IM"]
[WhiteElo "2194"]
[BlackElo "1993"]
[WhiteTeam "Jordan"]
[BlackTeam "Suriname"]
[WhiteClock "0:27:33"]
[BlackClock "0:22:56"]
[Variant "Standard"]

1. Nf3 {[%clk 1:30:57]}  Nf6 {[%clk 1:30:50]} 2. g3 {[%clk 1:31:23]}  g6 {[%clk 1:31:12]} 3. Bg2 {[%clk 1:31:50]}  Bg7 {[%clk 1:31:33]} 4. O-O {[%clk 1:32:15]}  O-O {[%clk 1:31:44]} 5. d3 {[%clk 1:32:42]}  d5 {[%clk 1:31:00]} 6. c3 {[%clk 1:32:53]}  c5 {[%clk 1:31:05]} 7. Qa4 {[%clk 1:33:20]}  Nc6 {[%clk 1:30:48]} 8. Qh4 {[%clk 1:33:46]}  h5 {[%clk 1:30:00]} 9. Na3 {[%clk 1:28:28]}  Nh7 {[%clk 1:27:39]} 10. h3 {[%clk 1:22:18]}  e5 {[%clk 1:25:28]} 11. Qxd8 {[%clk 1:21:14]}  Rxd8 {[%clk 1:25:48]} 12. e4 {[%clk 1:21:33]}  d4 {[%clk 1:25:08]} 13. cxd4 {[%clk 1:21:21]}  cxd4 {[%clk 1:25:21]} 14. Nb5 {[%clk 1:14:00]}  Bd7 {[%clk 1:21:42]} 15. Bd2 {[%clk 1:13:23]}  Bf8 {[%clk 1:20:10]} 16. Rfc1 {[%clk 1:02:36]}  Rac8 {[%clk 1:18:12]} 17. a4 {[%clk 0:55:36]}  f6 {[%clk 1:16:31]} 18. Kf1 {[%clk 0:50:21]}  Be6 {[%clk 1:09:35]} 19. Ke2 {[%clk 0:49:14]}  a6 {[%clk 1:09:18]} 20. Na3 {[%clk 0:49:35]}  Nb4 {[%clk 1:07:48]} 21. Nh4 {[%clk 0:46:21]}  Kg7 {[%clk 1:03:12]} 22. f4 {[%clk 0:46:35]}  Bb3 {[%clk 1:02:19]} 23. a5 {[%clk 0:36:34]}  Na2 {[%clk 1:00:26]} 24. Rxc8 {[%clk 0:34:39]}  Rxc8 {[%clk 1:00:48]} 25. Nc4 {[%clk 0:35:08]}  Bxc4 {[%clk 0:59:39]} 26. dxc4 {[%clk 0:35:32]}  Nb4 {[%clk 0:59:43]} 27. Bxb4 {[%clk 0:35:22]}  Bxb4 {[%clk 1:00:03]} 28. Kd3 {[%clk 0:35:49]}  Nf8 {[%clk 1:00:08]} 29. Kc2 {[%clk 0:22:36]}  Bd6 {[%clk 0:52:14]} 30. Bf1 {[%clk 0:20:55]}  exf4 {[%clk 0:52:19]} 31. gxf4 {[%clk 0:21:20]}  Bxf4 {[%clk 0:52:23]} 32. b4 {[%clk 0:21:32]}  Ne6 {[%clk 0:50:24]} 33. c5 {[%clk 0:20:30]}  Be5 {[%clk 0:49:52]} 34. Ra3 {[%clk 0:17:16]}  Ng5 {[%clk 0:46:43]} 35. Bc4 {[%clk 0:10:25]}  Nxe4 {[%clk 0:46:21]} 36. Bd5 {[%clk 0:10:51]}  Nxc5 {[%clk 0:46:39]} 37. Kd1 {[%clk 0:11:18]}  Rd8 {[%clk 0:41:42]} 38. Bg2 {[%clk 0:11:21]}  Ne6 {[%clk 0:39:13]} 39. Bxb7 {[%clk 0:11:26]}  Nc7 {[%clk 0:37:15]} 40. Be4 {[%clk 0:10:51]}  f5 {[%clk 0:37:02]} 41. Bd3 {[%clk 0:11:04]}  Bd6 {[%clk 0:34:37]} 42. Rb3 {[%clk 0:11:25]}  Nd5 {[%clk 0:32:05]} 43. Bxa6 {[%clk 0:08:06]}  Bxb4 {[%clk 0:32:16]} 44. Rg3 {[%clk 0:07:29]}  Ne3+ {[%clk 0:25:04]} 45. Ke2 {[%clk 0:07:28]}  Rd6 {[%clk 0:25:14]} 46. Bd3 {[%clk 0:07:50]}  Re6 {[%clk 0:24:44]} 47. Kf3 {[%clk 0:28:08]}  Bxa5 {[%clk 0:22:56]} 48. Bxf5 {[%clk 0:27:33]} 1/2-1/2

[Event "45th FIDE Chess Olympiad Open"]
[Site "Budapest, Hungary"]
[Date "2024.09.22"]
[Round "11"]
[White "Kalidjo, Imaan"]
[Black "Anas Khwaira"]
[Result "0-1"]
[Board "251"]
[WhiteFideId "8202478"]
[BlackFideId "8117683"]
[WhiteElo "1934"]
[BlackElo "1994"]
[WhiteTeam "Suriname"]
[BlackTeam "Jordan"]
[WhiteClock "0:08:18"]
[BlackClock "0:28:43"]
[Variant "Standard"]

1. d4 {[%clk 1:30:51]}  Nf6 {[%clk 1:30:50]} 2. c4 {[%clk 1:29:48]}  g6 {[%clk 1:31:10]} 3. Nc3 {[%clk 1:30:13]}  Bg7 {[%clk 1:31:35]} 4. e4 {[%clk 1:30:38]}  d6 {[%clk 1:32:01]} 5. Bd3 {[%clk 1:29:43]}  O-O {[%clk 1:32:09]} 6. f3 {[%clk 1:29:50]}  c5 {[%clk 1:28:30]} 7. d5 {[%clk 1:28:36]}  Na6 {[%clk 1:25:05]} 8. Nge2 {[%clk 1:26:38]}  Nc7 {[%clk 1:24:59]} 9. Be3 {[%clk 1:22:14]}  Rb8 {[%clk 1:22:22]} 10. Qd2 {[%clk 1:20:00]}  e6 {[%clk 1:18:00]} 11. O-O {[%clk 1:13:18]}  exd5 {[%clk 1:16:34]} 12. exd5 {[%clk 1:12:52]}  Re8 {[%clk 1:07:49]} 13. Bg5 {[%clk 1:08:14]}  Qd7 {[%clk 0:58:01]} 14. Ng3 {[%clk 1:07:10]}  Kh8 {[%clk 0:49:12]} 15. Qf4 {[%clk 0:57:22]}  Ng8 {[%clk 0:48:32]} 16. Nge4 {[%clk 0:55:20]}  f5 {[%clk 0:47:32]} 17. Ng3 {[%clk 0:49:05]}  h6 {[%clk 0:32:40]} 18. Qh4 {[%clk 0:42:45]}  Bd4+ {[%clk 0:32:52]} 19. Kh1 {[%clk 0:42:57]}  Qh7 {[%clk 0:33:16]} 20. Bd8 {[%clk 0:35:27]}  g5 {[%clk 0:29:02]} 21. Bxg5 {[%clk 0:32:41]}  hxg5 {[%clk 0:29:16]} 22. Qxh7+ {[%clk 0:32:12]}  Kxh7 {[%clk 0:29:39]} 23. Nxf5 {[%clk 0:31:40]}  Bxf5 {[%clk 0:29:07]} 24. Bxf5+ {[%clk 0:32:04]}  Kh6 {[%clk 0:25:17]} 25. Ne4 {[%clk 0:29:47]}  Bxb2 {[%clk 0:23:16]} 26. Nxd6 {[%clk 0:29:37]}  Bxa1 {[%clk 0:18:35]} 27. Nxe8 {[%clk 0:29:52]}  Nxe8 {[%clk 0:18:19]} 28. Rxa1 {[%clk 0:30:16]}  Nd6 {[%clk 0:18:44]} 29. g4 {[%clk 0:26:13]}  Nxf5 {[%clk 0:14:49]} 30. gxf5 {[%clk 0:26:38]}  Re8 {[%clk 0:12:34]} 31. a4 {[%clk 0:26:07]}  Nf6 {[%clk 0:11:53]} 32. Rb1 {[%clk 0:25:37]}  b6 {[%clk 0:11:28]} 33. a5 {[%clk 0:23:33]}  Nd7 {[%clk 0:11:51]} 34. Kg2 {[%clk 0:22:37]}  Kg7 {[%clk 0:11:57]} 35. axb6 {[%clk 0:21:33]}  axb6 {[%clk 0:11:03]} 36. f4 {[%clk 0:17:30]}  gxf4 {[%clk 0:10:34]} 37. Kf3 {[%clk 0:17:56]}  Kf6 {[%clk 0:10:31]} 38. Kxf4 {[%clk 0:17:58]}  Rh8 {[%clk 0:10:20]} 39. Re1 {[%clk 0:08:34]}  Rh4+ {[%clk 0:06:38]} 40. Kg3 {[%clk 0:08:48]}  Rxc4 {[%clk 0:07:00]} 41. Re6+ {[%clk 0:09:05]}  Kxf5 {[%clk 0:07:19]} 42. Rd6 {[%clk 0:09:29]}  Rg4+ {[%clk 0:06:41]} 43. Kf2 {[%clk 0:08:52]}  Rg7 {[%clk 0:01:58]} 44. Re6 {[%clk 0:08:18]}  b5 {[%clk 0:28:43]} 0-1

[Event "45th FIDE Chess Olympiad Open"]
[Site "Budapest, Hungary"]
[Date "2024.09.22"]
[Round "11"]
[White "Rakan Dasa"]
[Black "Chashawa, Shaief"]
[Result "0-1"]
[Board "252"]
[WhiteFideId "8114536"]
[BlackFideId "8201510"]
[WhiteElo "1976"]
[BlackElo "1825"]
[WhiteTeam "Jordan"]
[BlackTeam "Suriname"]
[WhiteClock "0:21:04"]
[BlackClock "0:11:54"]
[Variant "Standard"]

1. e4 {[%clk 1:30:57]}  e5 {[%clk 1:30:39]} 2. Nc3 {[%clk 1:31:19]}  Nf6 {[%clk 1:29:57]} 3. f4 {[%clk 1:30:56]}  d5 {[%clk 1:30:19]} 4. fxe5 {[%clk 1:31:19]}  Nxe4 {[%clk 1:29:57]} 5. Nf3 {[%clk 1:31:42]}  c5 {[%clk 1:27:39]} 6. Bd3 {[%clk 1:27:06]}  Ng5 {[%clk 1:13:55]} 7. O-O {[%clk 1:26:59]}  Bg4 {[%clk 1:07:49]} 8. Be2 {[%clk 1:18:11]}  Ne6 {[%clk 0:58:52]} 9. Qe1 {[%clk 0:44:43]}  Be7 {[%clk 0:43:01]} 10. Qg3 {[%clk 0:40:06]}  Bh5 {[%clk 0:35:16]} 11. Ng5 {[%clk 0:36:09]}  Bxe2 {[%clk 0:22:04]} 12. Nxe6 {[%clk 0:36:16]}  fxe6 {[%clk 0:21:39]} 13. Nxe2 {[%clk 0:32:11]}  g6 {[%clk 0:21:10]} 14. Qh3 {[%clk 0:29:41]}  Qb6 {[%clk 0:17:08]} 15. Nf4 {[%clk 0:29:50]}  c4+ {[%clk 0:17:20]} 16. Kh1 {[%clk 0:29:57]}  O-O {[%clk 0:17:47]} 17. Rf3 {[%clk 0:28:57]}  Nd7 {[%clk 0:15:54]} 18. d4 {[%clk 0:16:02]}  cxd3 {[%clk 0:15:40]} 19. Nxd3 {[%clk 0:16:23]}  Rxf3 {[%clk 0:15:41]} 20. Qxf3 {[%clk 0:16:34]}  Rf8 {[%clk 0:16:08]} 21. Qe2 {[%clk 0:16:56]}  Qc7 {[%clk 0:10:12]} 22. Be3 {[%clk 0:13:00]}  Bc5 {[%clk 0:08:03]} 23. Bh6 {[%clk 0:12:12]}  Rf5 {[%clk 0:07:42]} 24. Rf1 {[%clk 0:11:56]}  Rxf1+ {[%clk 0:02:51]} 25. Qxf1 {[%clk 0:12:22]}  Be7 {[%clk 0:02:58]} 26. Qe2 {[%clk 0:12:17]}  Qc4 {[%clk 0:03:09]} 27. b3 {[%clk 0:11:55]}  Qc3 {[%clk 0:03:26]} 28. h4 {[%clk 0:04:02]}  Nc5 {[%clk 0:00:47]} 29. Qg4 {[%clk 0:00:41]}  Kf7 {[%clk 0:00:54]} 30. Nxc5 {[%clk 0:00:33]}  Qxc5 {[%clk 0:00:42]} 31. Qf3+ {[%clk 0:00:33]}  Ke8 {[%clk 0:01:10]} 32. Qe2 {[%clk 0:00:44]}  Qc3 {[%clk 0:00:53]} 33. Bf4 {[%clk 0:00:31]}  Bxh4 {[%clk 0:00:33]} 34. Qg4 {[%clk 0:00:37]}  Qe1+ {[%clk 0:01:01]} 35. Kh2 {[%clk 0:01:05]}  Kd7 {[%clk 0:01:15]} 36. Qf3 {[%clk 0:00:35]}  Be7 {[%clk 0:01:18]} 37. c4 {[%clk 0:00:42]}  Qh4+ {[%clk 0:01:06]} 38. Kg1 {[%clk 0:01:11]}  Qe1+ {[%clk 0:01:34]} 39. Kh2 {[%clk 0:01:37]}  Qe4 {[%clk 0:01:56]} 40. Qxe4 {[%clk 0:01:34]}  dxe4 {[%clk 0:02:21]} 41. Kg1 {[%clk 0:01:32]}  Bc5+ {[%clk 0:01:51]} 42. Kf1 {[%clk 0:01:59]}  Bd4 {[%clk 0:01:46]} 43. Ke2 {[%clk 0:01:27]}  a6 {[%clk 0:29:18]} 44. Bd2 {[%clk 0:27:34]}  Kc6 {[%clk 0:26:49]} 45. a4 {[%clk 0:27:37]}  Kc5 {[%clk 0:16:32]} 46. a5 {[%clk 0:25:54]}  Bg1 {[%clk 0:16:38]} 47. Kf1 {[%clk 0:25:54]}  Bh2 {[%clk 0:16:16]} 48. Bc3 {[%clk 0:26:06]}  h5 {[%clk 0:14:34]} 49. Kf2 {[%clk 0:26:10]}  Bf4 {[%clk 0:14:21]} 50. g3 {[%clk 0:25:28]}  Bc1 {[%clk 0:14:37]} 51. Ke2 {[%clk 0:25:39]}  g5 {[%clk 0:14:06]} 52. Kf2 {[%clk 0:25:48]}  h4 {[%clk 0:13:52]} 53. g4 {[%clk 0:25:58]}  Bf4 {[%clk 0:10:54]} 54. Kg2 {[%clk 0:26:13]}  Be3 {[%clk 0:11:19]} 55. Kf1 {[%clk 0:19:49]}  Bd4 {[%clk 0:11:21]} 56. Bd2 {[%clk 0:20:09]}  e3 {[%clk 0:11:15]} 57. Bc1 {[%clk 0:20:29]}  Kb4 {[%clk 0:11:28]} 58. Ke2 {[%clk 0:20:39]}  Kxb3 {[%clk 0:11:54]} 59. Kd3 {[%clk 0:21:04]} 0-1